|
|
|
|
| LEADER |
00000cam a2200000 a 4500 |
| 001 |
vtls001358253 |
| 003 |
SK-MaSNL |
| 005 |
20260302000234.0 |
| 008 |
240226s1998 xo ra 000 f slo |
| 015 |
|
|
|a SNBA1999/05-01893
|
| 020 |
|
|
|a 8006009139
|
| 035 |
|
|
|a SNK000311773
|
| 035 |
|
|
|a urn:nbn:sk:snk-amkj20
|
| 035 |
|
|
|a urn:nbn:sk:snk-am008hnr
|
| 035 |
|
|
|a F1AB41B5-602F-48C0-ADF7-C476F35978D8
|
| 040 |
|
|
|a SNK
|b slo
|a SNK
|e AACR2
|c SNK
|
| 041 |
1 |
|
|a slo
|h eng
|
| 044 |
|
|
|a xo
|c SK
|
| 080 |
|
|
|a 820 (73)-3
|2 1981
|
| 100 |
1 |
|
|a Alcott, Louisa May,
|d 1832-1888
|4 aut
|9 122806
|
| 240 |
1 |
0 |
|a Little women
|l Slovensky
|
| 245 |
1 |
0 |
|a Malé ženy
|c Louisa May Alcottová ; [z anglického originálu Little women ... preložila Alena Barlíková]
|
| 250 |
|
|
|a 2. vyd.
|
| 260 |
|
|
|a Bratislava
|b Mladé letá
|c 1998
|
| 300 |
|
|
|a 258 s.
|c 21 cm
|
| 490 |
1 |
|
|a Klasické príbehy
|
| 655 |
|
7 |
|a americké romány
|2 SNKPH
|9 1174
|
| 655 |
|
7 |
|a dievčenské romány
|2 SNKPH
|9 1548
|
| 700 |
1 |
|
|a Barlíková, Alena
|4 trl
|9 187396
|
| 830 |
|
0 |
|a Klasické príbehy
|9 296549
|
| 919 |
|
|
|a 80-06-00913-9
|
| 954 |
|
|
|a beletria cudzojazyčná (svetová)
|2 lita
|
| 958 |
|
|
|a TL
|
| 958 |
|
|
|a UP
|
| 958 |
|
|
|a US
|
| 958 |
|
|
|a LX
|
| 958 |
|
|
|a NS
|
| 958 |
|
|
|a OND
|
| 968 |
|
|
|b ENG
|
| 999 |
|
|
|c 978710
|d 980640
|
| 952 |
|
|
|t P60, <03>, [BOOK], {603}
|a SNK
|b SNK
|y PREZ
|7 0
|p 17A0185187
|o snkSC 98065
|i snkKSP 3028/99
|0 0
|1 0
|4 0
|d 1999-03-22
|f 1
|l 0
|r 2025-09-18 00:00:00
|w 2026-02-24
|
| 952 |
|
|
|t P60, <04>, [BOOK], {604}
|a SNK
|b SNK
|y VYP
|7 0
|p 17A0185188
|o snkSC 98065 D1
|i snkKSP 3029/99
|0 0
|1 0
|4 0
|d 1999-03-22
|l 0
|r 2005-01-02 00:00:00
|w 2026-02-24
|